Materials characterization techniques / (Record no. 13401)
[ view plain ]
| 000 -LEADER | |
|---|---|
| fixed length control field | 01344cam a2200313 a 4500 |
| 001 - CONTROL NUMBER | |
| control field | 15362017 |
| 005 - DATE AND TIME OF LATEST TRANSACTION | |
| control field | 20090901064657.0 |
| 008 - FIXED-LENGTH DATA ELEMENTS--GENERAL INFORMATION | |
| fixed length control field | 080710s2009 flua b 001 0 eng |
| 010 ## - LIBRARY OF CONGRESS CONTROL NUMBER | |
| LC control number | 2008030739 |
| 020 ## - INTERNATIONAL STANDARD BOOK NUMBER | |
| International Standard Book Number | 9781420042948 (alk. paper) |
| 020 ## - INTERNATIONAL STANDARD BOOK NUMBER | |
| International Standard Book Number | 1420042947 (alk. paper) |
| 035 ## - SYSTEM CONTROL NUMBER | |
| System control number | (OCoLC)144523105 |
| 040 ## - CATALOGING SOURCE | |
| Original cataloging agency | DLC |
| Transcribing agency | DLC |
| Modifying agency | BTCTA |
| -- | BAKER |
| -- | YDXCP |
| -- | C#P |
| -- | BWX |
| -- | CDX |
| -- | DLC |
| 050 00 - LIBRARY OF CONGRESS CALL NUMBER | |
| Classification number | TA410 |
| Item number | .Z45 2009 |
| 082 00 - DEWEY DECIMAL CLASSIFICATION NUMBER | |
| Classification number | 620.110287 |
| Edition number | 22 |
| Item number | ZHA |
| 100 1# - MAIN ENTRY--PERSONAL NAME | |
| Personal name | Zhang, Sam. |
| 9 (RLIN) | 11424 |
| 245 10 - TITLE STATEMENT | |
| Title | Materials characterization techniques / |
| Statement of responsibility, etc | Sam Zhang, Lin Li, Ashok Kumar. |
| 260 ## - PUBLICATION, DISTRIBUTION, ETC. (IMPRINT) | |
| Place of publication, distribution, etc | Boca Raton : |
| Name of publisher, distributor, etc | CRC Press, |
| Date of publication, distribution, etc | c2009. |
| 300 ## - PHYSICAL DESCRIPTION | |
| Extent | 328 p. : |
| Other physical details | ill. ; |
| Dimensions | 25 cm. |
| 500 ## - GENERAL NOTE | |
| General note | Includes Index. |
| 504 ## - BIBLIOGRAPHY, ETC. NOTE | |
| Bibliography, etc | Includes bibliographical references and index. |
| 650 #0 - SUBJECT ADDED ENTRY--TOPICAL TERM | |
| Topical term or geographic name as entry element | Materials |
| General subdivision | Testing. |
| 9 (RLIN) | 11425 |
| 700 1# - ADDED ENTRY--PERSONAL NAME | |
| Personal name | Li, L. |
| Fuller form of name | (Lin), |
| Dates associated with a name | 1959- |
| 9 (RLIN) | 11426 |
| 700 1# - ADDED ENTRY--PERSONAL NAME | |
| Personal name | Kumar, Ashok, |
| Dates associated with a name | 1962- |
| 9 (RLIN) | 11427 |
| 856 41 - ELECTRONIC LOCATION AND ACCESS | |
| Materials specified | Table of contents only |
| Uniform Resource Identifier | <a href="http://www.loc.gov/catdir/toc/ecip0822/2008030739.html">http://www.loc.gov/catdir/toc/ecip0822/2008030739.html</a> |
| 942 ## - ADDED ENTRY ELEMENTS (KOHA) | |
| Source of classification or shelving scheme | Dewey Decimal Classification |
| Item type | Book - Borrowing |
| Withdrawn status | Item status | Source of classification or shelving scheme | Damaged status | Not for loan | Vendor | Home library | Current library | Shelving location | Date acquired | Source of acquisition | Cost, normal purchase price | Serial Enumeration / chronology | Total Checkouts | Total Renewals | Full call number | Barcode | Date last seen | Date last borrowed | Koha item type |
|---|---|---|---|---|---|---|---|---|---|---|---|---|---|---|---|---|---|---|---|
| Dewey Decimal Classification | Alahram | Central Library | Central Library | First floor | 15/02/2010 | 424.00 | 35 | 3 | 6 | 620.110287 ZHA | 000019596 | 15/07/2025 | 11/11/2020 | Book - Borrowing |